| 000 | 00435nam a2200193Ia 4500 | ||
|---|---|---|---|
| 008 | 210210b1909 xxu||||| |||| 00| 0 eng d | ||
| 041 | _aeng | ||
| 082 | _a821/197 | ||
| 100 | _aDATTA (Roby) | ||
| 245 | _aEchoes from east and west | ||
| 260 |
_aCambridge _bNot Mentioned _c1909 |
||
| 650 | _awest | ||
| 650 | _afrom | ||
| 650 | _aEchoes | ||
| 650 | _aeast | ||
| 650 | _aand | ||
| 690 | _aEnglish Literature | ||
| 906 | _a011366 | ||
| 999 |
_c130041 _d130041 |
||